000 00777nam a2200241 a 4500
001 BRCA_5363
005 20190320205040.0
008 081210s1976----enka######---#000-0#eng-#
020 _a0091283302
041 _aeng
044 _aenk
050 4 _aN5208.5
_b.C47 1976
245 1 0 _aChristie´s review of the season 1976
_cedited by John Herbert.
260 _aLondres : Nueva York
_bHutchinson : Harry N. Abrams
_c1976
300 _a516 p.
_bil. (algunas a color)
_c25 cm.
500 _aIncluye índice de nombres
500 _aDonación Dr. Héctor Rivero Borrell Vázquez
650 1 4 _aArte
_xColeccionistas y colecciones
_97445
650 1 4 _aSubastas
_xColeccionistas y colecciones
_910730
700 1 _aHerbert, John
_eEditor
_913729
902 _aDHR
942 _2lcc
_cB
999 _c5057
_d5057